000 00950nam a2200265 a 4500
001 000022937
005 20200930021900.0
008 101123s2003 mx a r 000 | spa d
020 _a9701876644
040 _aDO-SdBNP
_bspa
_cBNPHU
082 _a025.313
_bC748a, 2003
245 1 3 _aConfrontación acervo-catálogos /
_cDirección Nacional de Bibliotecas.
250 _a2a ed. corr. y aum.
260 _aMéxico D. F. :
_bConsejo Nacional para la Cultura y las Artes(CONACULTA),
_c2003.
300 _a76 p. :
_bil. ;
_c21 cm.
490 1 _aApoyo a la Capacitación Bibliotecario
490 1 _aInstructivos
610 _aDirección Nacional de Bibliotecas
_947145
650 4 _aCatálogos de bibliotecas
_947158
650 4 _aCatálogos públicos
_947159
730 0 _aApoyo a la Capacitación Bibliotecario
_947146
730 0 _aInstructivos
_947147
830 0 _aApoyo a la Capacitación Bibliotecario
_pInstructivos
_947156
049 _aBNGR
999 _c22434
_d22434